| 000 | 00755pam a2200277 a 4500 | ||
|---|---|---|---|
| 999 |
_c367 _d367 |
||
| 001 | 12727 | ||
| 003 | GBCCL | ||
| 005 | 20241126110336.0 | ||
| 008 | 851226s1986 tnu b 00010 eng | ||
| 010 | _a 85031943 | ||
| 020 |
_a0840755015 : _c$12.95 |
||
| 035 | _aOCM13010124 | ||
| 040 |
_aDLC _cDLC _dm/c _dLBB |
||
| 049 | _aLBBK | ||
| 050 | 0 |
_aBT886 _b.E93 1986 |
|
| 082 | 0 |
_a236 _219 _bEVA |
|
| 092 |
_a232.6 _bE92, 1986 |
||
| 100 | 1 | 0 |
_aEvans, Mike, _d1947- _9456 |
| 245 | 1 | 4 |
_aThe return / _cMike Evans. |
| 260 | 0 |
_aNashville, Tenn. : _bThomas Nelson Publishers, _cc1986. |
|
| 300 |
_a236 p. ; _c24 cm. |
||
| 504 | _aIncludes bibliographical references. | ||
| 630 | 0 | 0 |
_aBible _xProphecies. _9457 |
| 650 | 0 |
_aSecond Advent. _9458 |
|
| 942 |
_2ddc _cBK _02 |
||